| 000 | 01295cam a2200301 a 4500 | ||
|---|---|---|---|
| 001 | 15094529 | ||
| 003 | ARRUPE | ||
| 005 | 20131212141015.0 | ||
| 008 | 071127s2008 nyua b 001 0 eng | ||
| 010 | _a 2007048695 | ||
| 020 | _a9780199234349 (pbk.) | ||
| 040 |
_aDLC _cDLC _dDLC |
||
| 050 | 0 | 0 |
_aQB857 _b.G846 2008 |
| 082 | 0 | 0 |
_a523.1/12 _222 |
| 100 | 1 |
_aGribbin, John, _d1946- _95599 |
|
| 245 | 1 | 0 |
_aGalaxies : _ba very short introduction / _cJohn Gribbin. |
| 260 |
_aNew York : _bOxford University Press, _c2008. |
||
| 300 |
_a121 p. : _bill. ; _c18 cm. |
||
| 490 | 0 | _aVery short introductions | |
| 504 | _aIncludes bibliographical references (p. 116) and index. | ||
| 505 | 0 | _aThe great debate -- Stepping stones to the universe -- Our island -- Interlude : galactic mediocrity -- The expanding universe -- The material world -- The origin of galaxies -- The fate of galaxies. | |
| 650 | 0 |
_aGalaxies. _95600 |
|
| 650 | 0 |
_aCosmology. _95601 |
|
| 856 | 4 | 1 |
_3Table of contents only _uhttp://www.loc.gov/catdir/toc/ecip085/2007048695.html |
| 906 |
_a7 _bcbc _corignew _d1 _eecip _f20 _gy-gencatlg |
||
| 942 |
_2lcc _cMONOGRAPH |
||
| 999 |
_c119232 _d119232 |
||